00639nam a22001937a 4500999001900000005001700019010001300036020001400049035001100063037001300074082000800087100005000095245007100145246005500216260004900271270007400320300002300394942002800417 c176462d17646220201229120810.0 aUR-10978 c300.00a- aU-9533 bDBAD/PUB a841 qا لحا ج ا يم ا ے حميد عکسی aعکس کما ل cما لحا ج ا يم ا ے حميد عکسی b‏Aks-e-Kamal (Urdu)aby Alhaaj M.A. Hameed Aksi  aTilanganabAlhaaj M.A. Hameed Aksi c2019 ء a14-6-39-Nizam Pura,Mandi Bazar,WarangalbBhubhaneshwar e506002k-l- a200 ص c22 Cm(Hb) 2ddccURh841mا ک س